02022nam a2200313 i 4500001001000000003000900010005001700019007000300036008004100039020002300080020002200103040003000125082000700155100007200162245034800234260002000582264006200602300004300664336002700707337003300734338002800767490004200795500005700837500009700894505031700991505028301308700006101591700005601652000030029DO-SdBNP20240503151638.0ta110428s2017 dr 000 0 spa d a9789945586107 v.1 a9789945586114 v.2 aDO-SdBNPbspacBNPHUerda 42221 aMoreau Saint-Méry, Médéric Louis Élie de,d1750-1819eautor10aDescripción topográfica, física, civil, política e histórica de la parte francesa de la isla de Santo Domingo /cMédéric Louis Élie Moreau de Saint-Méry ; traducción, Victoria Flórez-Estrada Ponce de León ; revisión del texto, William Capellán Ferreira ; diagramación y diseño, cubierta Harold Frías Maggiolo. aSanto Domingo : aSanto Domingo : bArchivo General de la Nación, c2017. a2 volumenes :bilustraciones, c27 cm. 2rdacontentatextobtxt 2rdamediaasin mediaciónbn 2rdacarrieravolumenbnc aArchivo General de la Nación ;v305 aIncluye datos biográficos del autor en las solapas aIncluye referencias bibliográficas y notas al pie de las páginas e índice onomástico0 aPresentación--tSobre la vida de Saint-Méry y su descripción --gVolumen 1--tDescripción topográfica, física, civil, política e histórica de la parte francesa de la isla de Santo Domingo--tNúmero y naturaleza de los asentamientos de la parte francesa de Santo Domingo-tíndice onomástico.0 aLista de suscriptores--tAdvertencia--tLista cronológica--tTraducción de las inscripciones latinas contenidas en esta obra--tItinerrio--gVolumen 2--tDescripción topográfica, física, civil, política e histórica de la parte francesa de la isla de Santo Domingo.1 aFlores-Estrada Ponce de León, Victoria,etraducción 1 aCapellán Ferreira, William,erevisión del texto